• 首页
  • 本馆介绍
  • 公告通知
  • 最新文献
  • 馆藏检索
  • 电子资源
  • 读者荐购
  • 参考咨询
  • CALIS
  • 我的图书馆
  • 登录
  • 详细信息显示
  • 放入我的书架
  • 预约/预借图书
  • 作者相关作品
  • 分类相关作品
  • 丛书相关作品
  • 出版社相关作品

书目信息

  • 表格格式
  • 工作单格式
  • 卡片格式
题名:
分子药理学
    
 
作者: 叶勇 主编
分册:  
出版信息: 北京   化学工业出版社  2025.01
页数: 313页
开本: 26cm
丛书名:
单 册:
中图分类: R966
科图分类:
主题词: 分子--fen zi--药理学--高等教育--教材
电子资源:
ISBN: 978-7-122-46338-8
 
 
 
 
 
000 01422nam0 2200277 450
001 95615
005 20250902174634.90
010    @a978-7-122-46338-8@dCNY59.00
100    @a20241231d2025 em y0chiy50 ea
101 0  @achi
102    @aCN@b110000
105    @aa a 000yy
106    @ar
200 1  @a分子药理学@Afen zi yao li xue@f叶勇主编
205    @a第2版
210    @a北京@c化学工业出版社@d2025.01
215    @a313页@c图@d26cm
314    @a叶勇, 华南理工大学教授、博士生导师, 国家重大项目评审专家, 广东、江西、湖北、山东等省科技项目评审专家, 国际著名SCI期刊审稿人, 教育部制药工程教学指导委员会协作组专家, 具有30年科研经历, 研究方向, ①天然化合物结构改造和活性增强及发掘, ②中药活性成分的高效分离纯化, ③天然资源综合利用和精深加工, ④刺激响应型靶向药物制剂制备, ⑤天然活性成分在化妆品、保健产品、动物养殖等大健康领域的应用 ; 主持国家自然科学基金、国家重点研发计划项目、湖南省重点研发计划项目、广东省自然科学基金重点项目等国家级、省部级科研项目15项, 企业及其他科研项目18项。
320    @a有书目 (第312-313页)
330    @a本书内容涵盖了神经递质、离子通道、免疫调节因子、酶、核酸、激素、自体活性物质、受体、信号转导的分子作用机制、对应药物现状和研究进展, 并阐述了分子药理学现代实验技术方法等。
333    @a普通高等教育教材
606 0  @a分子@Afen zi@x药理学@x高等教育@j教材
690    @aR966@v5
701  0 @a叶勇@Aye yong@4主编
801  0 @aCN@c20250909
905    @a河南城建学院图书馆@dR966@eY468=2@f1
    
    分子药理学/叶勇主编.-第2版.-北京:化学工业出版社,2025.01
    313页:图;26cm
    使用对象:普通高等教育教材
    
    ISBN 978-7-122-46338-8:CNY59.00
    本书内容涵盖了神经递质、离子通道、免疫调节因子、酶、核酸、激素、自体活性物质、受体、信号转导的分子作用机制、对应药物现状和研究进展, 并阐述了分子药理学现代实验技术方法等。
●
相关链接 在E读中查询图书 在当当中查询图书 在豆瓣中查询图书


正题名:分子药理学     索取号:R966/Y468=2         预约/预借

序号 登录号 条形码 馆藏地/架位号 状态 备注
1 1629673   216296737   自科库401/401自科库 23排1列4层/ [索取号:R966/Y468=2] 在馆    
河南城建学院图书馆 欢迎您!
大连网信软件有限公司© 版权所有